000 00479ntaaa2200193 4500
003 01
005 20251027202348.0
008 0714s1973 ag 01
040 _aAR-BaBN
_bspa
_cAR-BaBN
_eaacr
_dRIC
082 _a282.0000 C17
100 _aCarballo, Fernando
_922301
245 _aProtestantismo y biblia
250 _a31 ed
260 _aBuenos Aires :
_bEdiciones Paulinas,
_cc1958
300 _a271 p
650 _acatolicismo
_9316
650 _acontroversia
942 _cBK
999 _c18496
_d18496